Holiday Quiz

Random Holiday or Superhero Quiz
Score 0/7 Timer 01:00
0 Plays Today
% Correct
Hulk
100%
Rocket Raccoon
95.7%
Loki
93.8%
Rogue
90.6%
Drax
85.2%
Jean Grey
80.9%
Gamora
77.7%
Remove Ads.
Support Sporcle.
Get the best of Sporcle when you Go Orange. This ad-free experience offers more features, more stats, and more fun while also helping to support Sporcle. Thank you for becoming a member.

You're not logged in!

Compare scores with friends on all Sporcle quizzes.
OR
Log In

Show Comments

Extras

Top Quizzes Today


Score Distribution

Your Account Isn't Verified!

In order to create a playlist on Sporcle, you need to verify the email address you used during registration. Go to your Sporcle Settings to finish the process.

Report this User

Report this user for behavior that violates our Community Guidelines.

Details: